[Event "Dortmund SuperGM 23rd"]
[Site "Dortmund"]
[Date "1995.07.15"]
[Round "2"]
[White "Beliavsky, Alexander G"]
[Black "Bareev, Evgeny"]
[Result "1-0"]
[WhiteElo "2650"]
[BlackElo "2650"]
[Annotator "Wedberg,T"]
[PlyCount "121"]
[EventDate "1995.07.14"]
[EventType "tourn"]
[EventRounds "9"]
[EventCountry "GER"]
[EventCategory "17"]
[SourceTitle "CBM 048"]
[Source "ChessBase"]
[SourceDate "1995.10.01"]
[SourceVersion "1"]
[SourceVersionDate "1995.10.01"]
[SourceQuality "1"]

1. e4 {Von Gleich} e5 2. Nf3 Nc6 3. Bb5 a6 4. Ba4 Nf6 5. O-O Be7 6. Qe2 b5 7.
Bb3 O-O 8. c3 d5 9. d3 Bb7 (9... d4 {Von Gleich} 10. cxd4 Nxd4 11. Nxd4 Qxd4
12. Be3 Qd6 13. Rc1 Ng4 $1 14. Bd5 $5 Rb8 $8 15. Rc6 Qd8 16. Rc2 Nxe3 17. fxe3
Rb6 $5 18. Nd2 Rh6 {/\ Kh8, f5, /\ Bd6, Qh4} 19. a4 $5 {Tiviakov,S-Beliavsky,A/
Groningen 62/382 1994/1/2-1/2 (33)}) 10. Bg5 $5 (10. Nbd2 {Von Gleich} Re8 11.
a3 Bf8 12. Re1 Qd7 $5 (12... Na5 13. Ba2 c5 $5 14. b4 Nc6 $2 15. exd5 $18 Nxd5
16. Ne4 cxb4 17. Nfg5 $1 h6 18. Qf3 $1 hxg5 19. Nxg5 $1 Qf6 20. Qxd5 $1 Nd8 21.
Qd7 Bc6 22. Qh3 {Short,N-Huebner,R/Manila (izt) 49/400 1990/1-0 (41)}) (12...
h6 $5) 13. exd5 (13. Ba2 Rad8) 13... Nxd5 14. Ne4 Rad8 $6 (14... h6 $2 15. Bxh6
$18) (14... f6 $6 15. c4 Na5 $1 16. Ba2 bxc4 17. dxc4 Nf4 18. Bxf4 exf4 19. Qc2
$16) (14... Na5 $1 15. Ba2 c5 16. b4 cxb4 17. axb4 Nc6 $13) 15. Bg5 $1 Be7 (
15... f6 $2 16. Bxf6 $1 $18) 16. Rad1 (16. Bxe7 $6 Nf4 $1 17. Qe3 Qg4 $1 $13)
16... Qg4 $6 (16... Bxg5 $6 17. Nfxg5 $1 $36 {/\ Qh5, Nc5}) (16... h6 17. Bc1
$14) (16... f6 $5 17. c4 $5 Na5 $1 $8 18. Ba2 fxg5 19. cxd5 Bxd5 20. Nxe5 $14)
17. h3 Qh5 18. Ba2 $5 (18. Ng3 Qg6 19. Bc1 $1 Nf4 20. Bxf4 exf4 21. Ne4) 18...
h6 $6 (18... Bxg5 19. Nexg5 $140 $14 h6 $6 20. Qe4 hxg5 21. Bxd5 $16) 19. Bd2
$1 {/\ Ng3} Qg6 20. Ng3 Bf8 {Short,N-Almasi,Z/Wijk aan Zee (open) 62/381 1995/
1/2-1/2 (40)} (20... Nf4 21. Bxf4 exf4 22. Ne4 Kh7 23. Qc2 f5 24. Ned2 $16 {
/\ d4|^ /^a2-g8, /^b1-h7, ><e5})) (10. Re1 {Von Gleich} Re8 11. Nbd2 Bf8 12.
Nf1 Na5 {/\ c5=}) 10... Na5 11. Bc2 dxe4 (11... h6 {Von Gleich} 12. Bh4 Nd7 13.
Bg3 Bd6 14. Nbd2 Re8 15. b4 Nc6 16. a3 Ne7 17. Nb3 Rb8 18. c4 c6 19. Na5 Ba8
20. cxd5 cxd5 {Martinovic,S-Nunn,J/Amsterdam 40/418 1985/1/2-1/2 (38)}) 12.
dxe4 Nd7 13. Bxe7 Qxe7 14. Nbd2 c5 15. Rfd1 Nf6 (15... Rfd8 {1/2-1/2/Mencinger,
V-Mikac,M/Finkenstein op/1993}) 16. a4 Bc6 17. Nf1 Nc4 18. b3 Nd6 19. Ng3 bxa4
$6 {><c4, ><d5} 20. bxa4 Rfe8 21. Rd2 g6 22. Rad1 Nb7 23. h3 Red8 24. Rxd8+
Nxd8 25. Qe3 Nd7 26. Nd2 Nb7 27. Nc4 $14 Rd8 28. Bb3 Kg7 29. Qe2 Nb8 30. Rxd8
Nxd8 31. Ne3 Bd7 32. Bc4 Qd6 33. Qa2 Bc8 34. Bd5 h5 35. Nc4 Qc7 36. Nf1 Nd7 37.
Nfe3 Nf6 38. a5 Ne6 39. Nb6 Nf4 40. Nxc8 Qxc8 (40... N4xd5 41. exd5 Qxc8 42.
Qb3 $16) 41. Bxf7 Nxe4 42. Bc4 Qb7 (42... Nxc3 $2 43. Qb2 $18) 43. Qc2 Nd6 44.
Bf1 Qc6 45. Qb3 Nb5 46. h4 e4 47. Qc4 Nd3 48. Bxd3 exd3 49. Qxd3 Qc7 50. Nd5
Qe5 $6 (50... Qxa5 51. Qe3 (51. Nf4 Qxc3 52. Qxg6+ Kf8 53. Qf5+ Ke8 54. Nxh5
Qc1+ 55. Kh2 c4 $13) 51... Qd8 $13 52. Qxc5 Qxh4 53. c4 Nd4 54. Qa7+ Kh6 55.
Qxa6 $16) 51. g3 $16 Nd6 52. Ne3 c4 53. Qd2 Kf7 54. Ng2 Ke7 55. Nf4 Qe4 56.
Nd5+ Kf7 57. Qg5 Qe1+ 58. Kg2 Qe6 59. Qf4+ Kg7 60. Qd4+ Kg8 61. Nc7 1-0

[Event "DEN-ch"]
[Site "Odense"]
[Date "1994.??.??"]
[Round "6"]
[White "Mortensen, Erling"]
[Black "Hansen, Lars Bo"]
[Result "1/2-1/2"]
[WhiteElo "2470"]
[BlackElo "2545"]
[Annotator "Wedberg,T"]
[PlyCount "97"]
[EventDate "1994.07.??"]
[EventType "tourn"]
[EventRounds "9"]
[EventCountry "DEN"]
[EventCategory "10"]
[SourceTitle "CBM 041"]
[Source "ChessBase"]
[SourceDate "1994.08.01"]
[SourceVersion "1"]
[SourceVersionDate "1994.08.01"]
[SourceQuality "1"]

1. e4 e5 2. Nf3 Nc6 3. Bb5 a6 4. Ba4 Nf6 5. O-O Be7 6. Qe2 b5 7. Bb3 O-O 8. c3
d6 9. Rd1 Na5 10. Bc2 c5 11. d4 Qc7 12. h3 Re8 (12... cxd4 13. cxd4 Bd7 $10 {
ECO}) 13. d5 Nc4 14. b3 Nb6 15. a4 Bd7 16. c4 b4 17. Nbd2 Nh5 18. Nf1 Bf6 19.
N1h2 Nf4 20. Qf1 (20. Bxf4 $6 exf4 21. Ra2 Bc3 22. Qd3 g6 23. a5 Nc8 24. Bb1
$13) 20... Qd8 21. Kh1 g6 22. Ng1 Bg7 23. g3 Nh5 24. Ne2 Bc8 25. Qg2 Ra7 26.
Rb1 Kh8 27. g4 Nf6 28. Ng3 Ng8 29. Rf1 Bh6 (29... g5 30. h4 h6 31. Qh3 f6 32.
Nf3 $16) 30. Bxh6 Nxh6 31. f4 $40 exf4 32. Rxf4 Nd7 33. Rbf1 Ne5 34. Nf3 g5 $5
(34... f6 $14) 35. Nxe5 gxf4 36. Nc6 Qh4 37. Nxa7 (37. Rxf4 Rc7 38. Bd1 f6 39.
Kh2 Rf7 40. Nh5 Bd7 41. Qf3 Ng8 $13) 37... fxg3 38. Nxc8 Rxc8 39. Kg1 (39. Rf3
Nxg4 40. Rxg3 Ne5 $15) 39... f6 40. Qf3 (40. Rf3 Nf7 41. Rxg3 Ne5 $10) 40... f5
(40... Qxh3 41. Qxf6+ Kg8 42. Qg5+ Kh8 43. Qf6+ Kg8 $10) 41. Kg2 $10 fxg4 42.
Qf6+ Qxf6 43. Rxf6 gxh3+ 44. Kxg3 (44. Kxh3 $2 Rg8 45. Kg2 Ng4 46. Rf3 Ne5 $17)
44... Rg8+ 45. Kxh3 Rg6 46. Rf1 Rg5 47. Rf6 Rg6 48. Rf1 Rg5 49. Rf6 1/2-1/2

[Event "Alushta2"]
[Site "Alushta"]
[Date "1994.??.??"]
[Round "8"]
[White "Varavin, Viktor"]
[Black "Onischuk, Alexander"]
[Result "1/2-1/2"]
[WhiteElo "2510"]
[BlackElo "2535"]
[Annotator "Wedberg,T"]
[PlyCount "70"]
[EventDate "1994.02.??"]
[EventType "tourn"]
[EventRounds "9"]
[EventCountry "UKR"]
[EventCategory "12"]
[SourceTitle "CBM 041"]
[Source "ChessBase"]
[SourceDate "1994.08.01"]
[SourceVersion "1"]
[SourceVersionDate "1994.08.01"]
[SourceQuality "1"]

1. e4 e5 2. Nf3 Nc6 3. Bb5 a6 4. Ba4 Nf6 5. Qe2 b5 6. Bb3 Be7 7. O-O d6 8. c3
O-O 9. d4 Bg4 (9... Bb7 10. Rd1 Nd7 11. a4 b4 12. a5 bxc3 13. bxc3 Bf6 $14 {
Henao,R-Hebden,M/Capablanca Mem/1993/0-1/42}) 10. Rd1 exd4 11. cxd4 d5 12. e5
Ne4 13. Nc3 (13. a4 {Polgar,J-Spassky,B/Budapest(m)/1993/1/4-1/4/43}) 13...
Nxc3 14. bxc3 Qd7 15. h3 Bh5 16. g4 (16. Bc2 Nd8 17. a4 Ne6 18. g4 Bg6 19. Bf5
$13 {Vokac-Haba/Lazne Bohdanec/1994/0-1/42}) 16... Bg6 17. Ne1 Na5 18. f4 Be4 (
18... Nxb3 19. axb3 Be4 20. Nd3 f5 {=/+ Ernst,T}) 19. Nd3 c5 20. Nf2 (20. Nxc5
Bxc5 21. dxc5 Qc6 22. Be3 Nb7 $13) 20... Nxb3 21. axb3 f5 22. Nxe4 fxe4 23.
dxc5 Bxc5+ 24. Kg2 Qc6 25. Be3 a5 $1 26. f5 $1 a4 27. b4 Bxe3 28. Qxe3 Rac8 29.
Ra3 g6 30. Rf1 Qc7 31. Qd4 Qc4 32. Qd2 Rce8 33. Qd4 Rc8 34. Qd2 Rce8 35. Qd4
Rc8 1/2-1/2

[Event "Lazne Bohdanec"]
[Site "Lazne Bohdanec"]
[Date "1994.??.??"]
[Round "2"]
[White "Vokac, Marek"]
[Black "Haba, Petr"]
[Result "0-1"]
[WhiteElo "2485"]
[BlackElo "2475"]
[Annotator "Wedberg,T"]
[PlyCount "84"]
[EventDate "1994.02.??"]
[EventType "tourn"]
[EventRounds "11"]
[EventCountry "CZE"]
[EventCategory "10"]
[SourceTitle "CBM 040"]
[Source "ChessBase"]
[SourceDate "1994.06.01"]
[SourceVersion "1"]
[SourceVersionDate "1994.06.01"]
[SourceQuality "1"]

1. e4 e5 2. Nf3 Nc6 3. Bb5 a6 4. Ba4 Nf6 5. Qe2 b5 6. Bb3 Be7 7. O-O O-O 8. c3
d6 9. d4 Bg4 10. Rd1 exd4 11. cxd4 d5 12. e5 Ne4 13. h3 (13. a4 b4 (13... Rb8
14. axb5 axb5 15. h3 Bh5 16. Be3 Qd7 17. Rc1 Rb6 18. Nc3 Nb4 19. Ra7 $14 {
Anand,V-Kamsky,G/Moscow/1992/1-0/38}) 14. a5 Kh8 15. Qc2 (15. h3 Bh5 16. Be3 f5
17. Rc1 f4 $1 $17 {Adams,M-Wells,P/Lloyds Bank/1993/0-1/23}) 15... Na7 16. Nbd2
f5 $13 {Polgar,J-Spassky/Budapest(m)/1993/1/2-1/2/43}) 13... Bh5 14. Nc3 Nxc3
15. bxc3 Qd7 16. Bc2 (16. g4 Bg6 17. Bg5 Bxg5 18. Nxg5 f6 19. exf6 Rxf6 20. Ne4
Bxe4 21. Qxe4 $13 {Holmov-Podgaets/URS/1978}) 16... Nd8 (16... Bg6 17. Ne1 Nd8
18. Nd3 Ne6 $15 {Bronstein-Ulvestad/URS-USA/1946}) 17. a4 Ne6 18. g4 Bg6 19.
Bf5 Qc6 20. Qe3 bxa4 $1 $15 21. Ba3 Bxa3 22. Rxa3 Rab8 23. Nd2 f6 24. Nf3 Rb3
25. Rda1 Rxa3 26. Rxa3 Be8 27. Ra1 g6 28. Bc2 fxe5 29. Nxe5 Qb6 30. Nd3 (30.
Bxa4 Bxa4 31. Rxa4 Qb1+ 32. Kh2 Qc2 $19) 30... Bb5 31. Nc5 Nf4 32. Bxa4 Bxa4
33. Nxa4 (33. Rxa4 $2 Qb1+ 34. Kh2 Qf1 $19) 33... Qf6 34. Nc5 $2 (34. Kh2 $8)
34... Qh4 $19 35. Kf1 (35. Kh2 Nxh3 $19) 35... Nxh3 36. Qe6+ Kg7 37. Qe5+ Kh6
38. Qe3+ Ng5 39. Ke2 Rf3 40. Qe7 Qxf2+ 41. Kd1 Qg1+ 42. Kc2 Qxa1 0-1

[Event "MK Cafe Cup-A"]
[Site "Koszalin"]
[Date "1999.08.04"]
[Round "2"]
[White "Sulskis, Sarunas"]
[Black "Timoshenko, Georgy"]
[Result "1-0"]
[WhiteElo "2521"]
[BlackElo "2576"]
[Annotator "Wedberg,T"]
[PlyCount "71"]
[EventDate "1999.08.03"]
[EventType "swiss"]
[EventRounds "9"]
[EventCountry "POL"]
[SourceTitle "CBM 073"]
[Source "ChessBase"]
[SourceDate "1999.12.01"]
[SourceVersion "1"]
[SourceVersionDate "1999.12.01"]
[SourceQuality "1"]

1. e4 e5 2. Nf3 Nc6 3. Bb5 a6 4. Ba4 Nf6 5. O-O Be7 6. Qe2 b5 7. Bb3 O-O 8. c3
d6 9. d4 Bg4 10. Rd1 Qc8 11. h3 Bh5 12. a4 Na5 13. Bc2 b4 (13... c6 14. Nbd2
Qc7 15. Nf1 Rfe8 16. dxe5 dxe5 17. g4 Bg6 18. Ng3 Nd7 19. b4 Nb7 20. h4 $40 {
1-0 Rodriguez,A-German,G/Buenos Aires 1995/EXT 97 (48)}) 14. dxe5 (14. Nbd2 c5
15. d5 (15. dxe5 dxe5 16. Re1 c4 17. Qe3 Nd7 18. Nf1 Bc5 19. Qe2 b3 20. Bd1 Re8
21. Ng3 Bg6 $15 {1-0 Kotsur,P-Varavin,V/Alma Ata 1995/EXT 99 (37)}) 15... Nd7
16. c4 Bg6 17. b3 h6 18. Rb1 f5 19. exf5 Bxf5 20. Bxf5 Rxf5 21. Ne4 $14 {
1-0 Ochoa de Echaguen,F-Gomez Esteban,J/Bilbao 1993/CBM 34 ext (61)}) (14. d5
c6 15. cxb4 cxd5 16. bxa5 dxe4 17. Bxe4 d5 18. Nc3 dxe4 19. Nxe4 Qb7 20. Ng3
Bxf3 21. Qxf3 Qxf3 22. gxf3 $11 {1/2-1/2 Nunn,J-Murshed,N/London 1992/CBM 31
ext (34)}) 14... dxe5 15. Bg5 (15. Be3 c5 16. Nbd2 $14 {1/2-1/2 Bagirov,
V-Arulaid,A/Kishinev 1964/EXT 99 (32)}) 15... Re8 16. Bxf6 $1 {[%mdl 32] An
interesting decision. White wants to control the white squares. Black´s B on
h5 is out of play and cannot compete.} Bxf6 17. Nbd2 c5 18. g4 Bg6 {Blacks B:s
are not very impressive.} 19. Nc4 Qc7 20. cxb4 cxb4 21. Nxa5 Qxa5 22. Bb3 $16
Rad8 23. Rxd8 Rxd8 24. Rc1 Be7 25. Rc6 Rd6 26. Qc4 Rxc6 27. Qxc6 Kf8 28. Nxe5
$1 $18 Qxe5 29. Qa8+ Bd8 30. Qxd8+ Qe8 31. Qd6+ Qe7 32. Qb8+ Qe8 33. Qxb4+ Kg8
34. Bd5 h5 35. Qb6 Qxa4 36. Qxg6 1-0

[Event "YUG-ch"]
[Site "Tivat"]
[Date "1994.??.??"]
[Round "6"]
[White "Ivanovic, Bozidar"]
[Black "Lazic, Miroljub"]
[Result "0-1"]
[WhiteElo "2480"]
[BlackElo "2505"]
[Annotator "Wedberg,T"]
[PlyCount "72"]
[EventDate "1994.03.??"]
[EventType "tourn"]
[EventRounds "13"]
[EventCountry "YUG"]
[EventCategory "10"]
[SourceTitle "CBM 043"]
[Source "ChessBase"]
[SourceDate "1994.12.01"]
[SourceVersion "1"]
[SourceVersionDate "1994.12.01"]
[SourceQuality "1"]

1. e4 e5 2. Nf3 Nc6 3. Bb5 a6 4. Ba4 Nf6 5. O-O Be7 6. Qe2 b5 7. Bb3 d6 8. c3
O-O 9. d4 Bg4 10. Rd1 exd4 11. cxd4 d5 12. e5 Ne4 13. h3 Bh5 14. a4 (14. Nc3)
14... b4 15. a5 Kh8 16. Be3 $6 (16. Qc2 Na7 17. Nbd2 f5 18. exf6 Nxf6 19. Re1
c5 $13) 16... f5 17. exf6 $146 (17. Rc1 f4 $17) 17... Bxf6 18. g4 Bg6 19. Nbd2
Qd6 20. Nf1 Rae8 $15 21. Ba4 Re7 22. Bxc6 Qxc6 23. Qe1 Qb5 24. Rdc1 c5 $17 25.
Qd1 h6 26. N1h2 c4 27. Ne5 Bxe5 28. dxe5 Rxe5 29. Qd4 Re6 30. Bxh6 Ref6 31. Be3
Nxf2 32. Rf1 Ne4 33. Qe5 c3 34. bxc3 Nxc3 35. Rxf6 Rxf6 36. Nf1 Qd3 0-1

[Event "Budapest FS10 GM"]
[Site "Budapest"]
[Date "1993.??.??"]
[Round "11"]
[White "Sadler, Matthew D"]
[Black "Liss, Eran"]
[Result "1-0"]
[WhiteElo "2535"]
[BlackElo "2405"]
[Annotator "Wolff,P"]
[PlyCount "83"]
[EventDate "1993.10.??"]
[EventType "tourn"]
[EventRounds "11"]
[EventCountry "HUN"]
[EventCategory "9"]
[SourceTitle "CBM 038"]
[Source "ChessBase"]
[SourceDate "1994.02.01"]
[SourceVersion "1"]
[SourceVersionDate "1994.02.01"]
[SourceQuality "1"]

1. e4 e5 2. Nf3 Nc6 3. Bb5 a6 4. Ba4 Nf6 5. O-O Be7 6. Qe2 b5 7. Bb3 d6 8. c3
O-O (8... Na5 9. Bc2 c5 10. d4 Qc7 11. d5 O-O 12. b3 Bd7 13. Ne1 Ne8 14. c4 $14
{Sokolov,A-Savon,V, Alushta3 1993}) 9. d4 Bg4 (9... Bb7 $6 10. Rd1 Nd7 11. Nbd2
exd4 12. cxd4 Na5 13. Bc2 $14 c5 14. dxc5 dxc5 15. e5 Qb6 16. Ne4 Rfd8 17. Rxd7
{!?!? -- This sacrifice CANNOT be sound, but it works!} Rxd7 18. Nfg5 Rad8 (
18... h6 $5 $17) (18... Nc4 19. Nxh7 Nxe5 $17) 19. h4 h6 20. e6 hxg5 $4 (20...
fxe6 {Black has the advantage of an exchange and a pawn -- AND he has a good
position.}) 21. exd7 Qe6 22. Bxg5 Rxd7 23. Re1 Rd4 $4 24. Bxe7 {1-0, because
24...Qxe7 25.Nf6+! and 24...Bxe4 25.Bxe4 Qxe7 26.Bh7+.}) 10. Rd1 Qc8 (10...
exd4 11. cxd4 d5 12. e5 Ne4 13. a4 $5 {This is the topical line these days. It
was this move -- 13.a4 -- that Short played against Karpov in their candidates
match in 1992. But this line is still the best for Black. See Polgar,J-Spassky,
B Budapest Match 1993.}) 11. Be3 $5 $146 Re8 (11... Nxe4 $4 12. Bd5) (11... d5
12. exd5 e4 (12... Na5 13. dxe5) 13. dxc6 exf3 14. gxf3 Bh3 15. Nd2 $16) 12.
Nbd2 Bf8 13. h3 Bh5 14. g4 Bg6 15. Nh4 $1 exd4 (15... Bxe4 16. Nxe4 Nxe4 17.
Bd5 exd4 18. cxd4 Qd7 19. Qf3 $18) (15... Nxe4 16. Nxg6 Nxd2 17. Rxd2 hxg6 18.
Bd5 Qd7 19. Qf3 $18) (15... Na5 16. Bc2 (16. Nxg6 Nxb3 17. Nxb3 hxg6 18. f3 $14
) 16... exd4 17. Bxd4 $16) 16. cxd4 Bxe4 (16... Nxe4 17. Nxg6 Nxd2 18. Rxd2
hxg6 19. Bd5 Qd7 20. Qf3 $18) (16... Na5 17. Nxg6 (17. Bc2 Bxe4 $1 $17 (17...
Nxe4 18. Nxg6 Nxd2 19. Nxf8 $16)) 17... Nxb3 18. Nxb3 hxg6 19. f3 c5 (19... c6
20. Rac1) 20. Rac1 c4 21. d5 $1 $16 {/\ Nd4-c6, b2-b3}) 17. Nxe4 (17. g5 $4
Qxh3 18. Nxe4 Rxe4 $1 19. Ng2 Ng4 $19) 17... Rxe4 (17... Nxe4 18. Bd5 Qd7 (
18... Nb4 $142 19. Bxa8 Qxa8 $16) 19. Qf3 $18) 18. Qf3 $44 {><c6,d5,e4,f7,f5}
Na5 (18... Qe8 $2 19. Bc2 $16 Re7 $140 20. g5) 19. Bc2 Re8 20. g5 $5 Nd7 21.
Be4 c6 22. Rac1 Ra7 (22... Nb8 $142 23. b3 $13) 23. Bxc6 Nxc6 24. Qxc6 Qxc6 25.
Rxc6 $16 Nb8 26. Rc2 d5 27. Rdc1 Rd7 28. Ng2 Rdd8 29. Nf4 g6 30. h4 Be7 31. Rc7
$1 Bd6 $2 32. Nxd5 $1 $18 Bxc7 33. Nf6+ Kf8 34. Nxe8 Bb6 35. Nf6 Kg7 36. Kg2 h5
37. gxh6+ $1 Kf8 (37... Kxf6 38. Bg5+ Ke6 39. Bxd8 Bxd8 40. Rc8 $18) 38. Kf3
Nd7 39. Nxd7+ Rxd7 40. Rc6 Bd8 41. Rxa6 Bxh4 42. Rb6 1-0